India, a short cultural history

Zapisane w:
Opis bibliograficzny
1. autor: Rawlinson, Hugh George
Format: Książka
Język:Undetermined
Wydane: London The Cresset Press 1952
Hasła przedmiotowe:
Etykiety: Dodaj etykietę
Nie ma etykietki, Dołącz pierwszą etykiete!
Thư viện lưu trữ: Trung tâm Học liệu Trường Đại học Cần Thơ
LEADER 00518nam a2200193Ia 4500
001 CTU_92554
008 210402s9999 xx 000 0 und d
082 |a 934 
082 |b R261 
100 |a Rawlinson, Hugh George 
245 0 |a India, a short cultural history 
245 0 |c Hugh George Rawlinson 
260 |a London 
260 |b The Cresset Press 
260 |c 1952 
650 |a India,India 
650 |x Civilization,History 
904 |i Nguyên 
980 |a Trung tâm Học liệu Trường Đại học Cần Thơ